000 00562nam a2200169 a 4500
001 000035138
005 20200930074129.0
008 111025s1955 ag 000 0 spa d
040 _aDO-SdBNP
_bspa
_cBNPHU
082 _axxxx
_bxxxx
100 1 _aJaspers, Karl
_947835
245 1 0 _aPsicopatología general /
_cKarl Jaspers.
260 _aBuenos Aires, :
_bBeta,
_c1955.
300 _a1005 ;
_c24 cm.
504 _aIncluye referencias bibliográficas y notas al pie de las páginas
590 _aPerteneció a la biblioteca personal de Juan Isidro Jimenes Grullón
999 _c34629
_d34629